000 00320nam a22001457a 4500
020 _a0-07-113639-8
041 _aENG
100 _aRaven.F.H
245 _aAutomatic Control Engineering
250 _a1st Edition
260 _aNew York
_bMcGraw Hill
_c1995
300 _a619
650 _aM.Tech
856 _uM.Tech ( 7 )
999 _c1083
_d1083